[Event "VIE-ch U13 Girls"]
[Site "Ho Chi Minh City"]
[Date "2014.07.18"]
[Round "9"]
[White "Le, Minh Thao"]
[Black "Bui, Thanh Nha Truc"]
[Result "1/2-1/2"]
[WhiteElo "1830"]
[BlackElo "1824"]
[PlyCount "140"]
[EventDate "2014.07.13"]
[EventType "swiss"]
[EventRounds "9"]
[EventCountry "VIE"]
[SourceTitle "EXT 2016"]
[Source "ChessBase"]
[SourceDate "2015.10.08"]
[SourceVersion "1"]
[SourceVersionDate "2015.10.08"]
[SourceQuality "1"]

1. e4 c5 2. d3 Nc6 3. Be3 d6 4. Be2 Nf6 5. Nd2 g6 6. f4 e6 7. h3 Bg7 8. Ngf3 b6 9. 0-0 Nh5 10. c3 0-0 11. Nh2 Ng3 12. Rf3 Nxe2+ 13. Qxe2 Bb7 14. Rf2 d5 15. Nb3 Ne7 16. e5 Nf5 17. g4 Ne7 18. d4 cxd4 19. Nxd4 Qd7 20. Qd3 Nc6 21. b3 f6 22. exf6 Bxf6 23. f5 Nxd4 24. cxd4 exf5 25. gxf5 Bh4 26. Rf4 Bg5 27. Rg4 Bxe3+ 28. Qxe3 Qxf5 29. Rf1 Qd7 30. Rgf4 Rxf4 31. Qxf4 Qe7 32. Ng4 Rf8 33. Qxf8+ Qxf8 34. Rxf8+ Kxf8 35. Kf2 Ke7 36. Kf3 Bc8 37. Ne5 a5 38. h4 Kf6 39. a3 h6 40. b4 axb4 41. axb4 g5 42. h5 b5 43. Kg3 Be6 44. Nc6 Kf5 45. Nd8 Bg8 46. Nc6 Bf7 47. Na7 Bxh5 48. Nxb5 Be2 49. Nc3 Bc4 50. b5 Ke6 51. Kg4 Kd6 52. Kf5 Bd3+ 53. Kg4 Be4 54. Na4 Bd3 55. Nc3 Be4 56. Na4 Bc2 57. Nc3 Bb3 58. Kf5 Bc4 59. Kg4 Bd3 60. Kh5 Be4 61. Kg4 Ke6 62. Na4 Bf5+ 63. Kg3 Kd7 64. Nc3 Be6 65. Na4 Kc7 66. Nc3 h5 67. Kf3 h4 68. Ke3 h3 69. Kf3 g4+ 70. Kg3 Kb6 1/2-1/2

[Event "VIE-ch U13 Girls"]
[Site "Ho Chi Minh City"]
[Date "2014.07.15"]
[Round "5"]
[White "Ho, Ngoc Yen Lan"]
[Black "Le, Minh Thao"]
[Result "0-1"]
[WhiteElo "1839"]
[BlackElo "1830"]
[PlyCount "140"]
[EventDate "2014.07.13"]
[EventType "swiss"]
[EventRounds "9"]
[EventCountry "VIE"]
[SourceTitle "EXT 2016"]
[Source "ChessBase"]
[SourceDate "2015.10.08"]
[SourceVersion "1"]
[SourceVersionDate "2015.10.08"]
[SourceQuality "1"]

1. e4 c5 2. Nf3 d6 3. g3 Nf6 4. Nc3 Bd7 5. Bg2 e6 6. e5 Nd5 7. exd6 Bxd6 8. Nxd5 exd5 9. 0-0 0-0 10. b3 Nc6 11. Bb2 Qc7 12. d4 cxd4 13. Nxd4 Be5 14. Bxd5 Bxd4 15. Bxd4 Nxd4 16. Qxd4 Rad8 17. Qxa7 Qxc2 18. Qxb7 Bh3 19. Bg2 Rd7 20. Qe4 Qxe4 21. Bxe4 Bxf1 22. Kxf1 Rd2 23. Bc6 Rc8 24. Be4 g6 25. a4 f5 26. Ke1 Rd6 27. Bf3 Rb8 28. Rd1 Re6+ 29. Kf1 Re7 30. Bd5+ Kg7 31. Bc4 h6 32. Rd5 h5 33. a5 Ra7 34. a6 Rb6 35. Ke2 Kf6 36. Kd3 Ke7 37. Kc3 Rd6 38. Rxd6 Kxd6 39. b4 Kc6 40. b5+ Kc5 41. Kb3 Kb6 42. Kc3 Rd7 43. Bd3 Rd6 44. Kd2 g5 45. Ke3 f4+ 46. gxf4 gxf4+ 47. Ke4 h4 48. Bc4 Rd2 49. Kf3 Rd4 50. Be2 Rd2 51. Bf1 Rb2 52. h3 Rd2 53. Kg2 Rb2 54. Bd3 Rd2 55. Be4 Rb2 56. Kf3 Rb3+ 57. Kg4 Rb2 58. f3 Rg2+ 59. Kxh4 Rg7 60. Kh5 Ka7 61. h4 Kb6 62. Kh6 Re7 63. Kg5 Rxe4 64. h5 Re5+ 65. Kg6 Re3 66. Kg5 Rxf3 67. Kg4 Rf1 68. h6 Rh1 69. Kxf4 Rxh6 70. Ke4 Kxb5 0-1